Capitalismo, desigualdades y degradación ambiental : (Record no. 67500)

MARC details
000 -LEADER
campo de control de longitud fija 01343nam a2200349 i 4500
001 - NÚMERO DE CONTROL
campo de control 67500
003 - IDENTIFICADOR DE NÚMERO DE CONTROL
campo de control ES-MaACL
005 - FECHA Y HORA DE LA ÚLTIMA TRANSACCIÓN
campo de control 20240209063115.0
007 - CAMPO FIJO DE DESCRIPCIÓN FÍSICA--INFORMACIÓN GENERAL
campo de control de longitud fija t|
008 - DATOS DE LONGITUD FIJA--INFORMACIÓN GENERAL
campo de control de longitud fija 040601s2001 sp ||||0| spa d
017 ## - NÚMERO DE COPYRIGHT O DE DEPÓSITO LEGAL
Número de copyright o de depósito legal B 34226-2001
Agencia que asigna Oficina Depósito Legal Barcelona
020 ## - NÚMERO INTERNACIONAL ESTÁNDAR DEL LIBRO
Número Internacional Estándar del Libro 847426538X
040 ## - FUENTE DE CATALOGACIÓN
Centro/agencia transcriptor ES-MaACL
080 ## - NÚMERO DE LA CLASIFICACIÓN DECIMAL UNIVERSAL
Número de la Clasificación Decimal Universal 338.2(100):504(063)
080 ## - NÚMERO DE LA CLASIFICACIÓN DECIMAL UNIVERSAL
Número de la Clasificación Decimal Universal 338.1(100)"1995/2005"(063)
111 2# - ENTRADA PRINCIPAL--NOMBRE DE CONGRESO/REUNIÓN
Nombre de congreso/reunión o jurisdicción como elemento de entrada Jornadas de Economía Crítica
Número del congreso/reunión o número de parte o sección (7ª.
Fecha del congreso o de la firma del tratado 2000.
Sede del congreso/Lugar de la reunión Albacete)
9 (RLIN) 788
245 10 - MENCIÓN DEL TÍTULO
Título Capitalismo, desigualdades y degradación ambiental :
Resto del título VII Jornadas de Economía Crítica /
Mención de responsabilidad, etc. Alfonso Dubois, Juan Luis Millán, Jordi Roca (coords.)
260 ## - PUBLICACIÓN, DISTRIBUCIÓN, ETC.
Lugar de publicación, distribución, etc. Barcelona :
Nombre del editor, distribuidor, etc. Icaria,
Fecha de publicación, distribución, etc. [2001]
300 ## - DESCRIPCIÓN FÍSICA
Extensión 277 páginas :
Otras características físicas gráficos ;
Dimensiones 24 cm
500 ## - NOTA GENERAL
Nota general Índice
504 ## - NOTA DE BIBLIOGRAFÍA, ETC.
Nota de bibliografía, etc. Referencias bibliográficas
650 14 - PUNTO DE ACCESO ADICIONAL DE MATERIA--TÉRMINO DE MATERIA
Término de materia o nombre geográfico como elemento de entrada Desarrollo sostenible-
Subdivisión de forma Congresos y asambleas
9 (RLIN) 11818
650 17 - PUNTO DE ACCESO ADICIONAL DE MATERIA--TÉRMINO DE MATERIA
Término de materia o nombre geográfico como elemento de entrada Economía mundial-
Subdivisión cronológica 1989-2008-
Subdivisión de forma Congresos y asambleas
9 (RLIN) 172052
700 1# - ENTRADA AGREGADA--NOMBRE PERSONAL
Nombre de persona Dubois, Alfonso.
9 (RLIN) 45762
Término indicativo de función/relación Editor literario
700 1# - ENTRADA AGREGADA--NOMBRE PERSONAL
Nombre de persona Millán, Juan Luis.
9 (RLIN) 81133
Término indicativo de función/relación Editor literario
700 1# - ENTRADA AGREGADA--NOMBRE PERSONAL
Nombre de persona Roca Jusmet, Jordi.
9 (RLIN) 98000
Término indicativo de función/relación Editor literario
852 ## - LOCALIZACIÓN
Ubicación ES-MaACL
Número de control de estantería L-27739
itemnumber 70018
Ubicación en estantería Depósito 2
852 4# - LOCALIZACIÓN
Ubicación ES-MaACL
Número de control de estantería N-8229/Ej.1
Ubicación en estantería Depósito J
Donativo/Legado Donación: Editorial
Nota libre X-27
-- Duplicado
itemnumber 70017
942 ## - ELEMENTOS DE ENTRADA SECUNDARIOS (KOHA)
Tipo de ítem Koha Libro impreso
Suprimir en OPAC No
Holdings
Estatus retirado Estado de pérdida Fuente del sistema de clasificación o colocación Estado de daño Restricciones de uso No para préstamo Biblioteca de origen Biblioteca actual Ubicación en estantería Fecha de adquisición Fuente de adquisición Total de préstamos Signatura topográfica completa Código de barras Visto por última vez Copia número Tipo de ítem Koha
    Clasificación decimal universal   Duplicado   Biblioteca del Ateneo de Madrid Biblioteca del Ateneo de Madrid Depósito J 02/11/2022 Donación   N-8229/Ej.1 101206741 23/02/2023 X-27 Libro impreso
    Clasificación decimal universal       Biblioteca del Ateneo de Madrid Biblioteca del Ateneo de Madrid Depósito 2 17/01/2008     L-27739 1070681 23/02/2023   Libro impreso